000 00412nam a2200133Ia 4500
008 151001s9999||||xx |||||||||||||| ||und||
100 _aमीनाक्षी केतकर
245 _aप्राण्यांच्या मजेदार कथा
250 _a1
260 _b"परी प्रकाशन,कोल्हापूर "
260 _c2013
300 _a108
365 _b0
999 _c1000344
_d1000341